[Event "TORNEIO INDEPENDENCIA DO BRASIL CLUBE M"]
[Site "Av.  Rio Branco  251 -  4º a"]
[Date "2023.09.15"]
[Round "2.1"]
[White "Jorge Luiz Das Chagas Macario"]
[Black "Sérgio Murilo Soares Guimaraes"]
[Result "0-1"]
[WhiteElo "2083"]
[BlackElo "2188"]
[Annotator "Stockfish 16"]
[PlyCount "90"]
[EventDate "2023.??.??"]

{[%evp 12,90,74,46,47,-18,92,0,0,-188,-86,-126,-121,-374,-378,-419,-414,-523,
-526,-505,-507,-612,-602,-660,-647,-636,-578,-576,-569,-590,-595,-589,-509,
-505,-508,-537,-534,-595,-562,-552,-570,-543,-541,-622,-623,-663,-674,-676,
-677,-1490,-655,-2767,-2767,-2428,-1904,-1964,-1964,-1904,-1903,-1806,-1764,
-1440,-1673,-1951,-1864,-1945,-761,-1750,-1138,-1877,-1608,-1959,-884,-2426,
-1565,-29982,-29983,-29981,-29985,-29981,-29983]} 1. d4 Nf6 2. c4 g6 3. Nc3 Bg7
4. e4 d6 5. f3 Nbd7 6. Be3 c5 7. d5 a6 {[%cal Ba7a6,Ba6b5,Bb5b4][%mdl 32] E80:
India do Rei: Sämisch.} 8. Qd2 {[%eval -18,26]} (
8. a4 $14 {[%eval 47,26]}) 8... h5 {[%eval 92,28]} (8... Ne5 $11 {[%eval -18,
26] keeps the balance.}) 9. h4 $6 {[%eval 0,41] Imprecisão. Nh3 era melhor.} (9.
Nh3 Qa5) (9. a4 $16 {[%eval 92,28]}) 9... Ne5 $11 {Com igualdade.} 10.
O-O-O $146 {[%eval -188,28] Erro grave. Be2 era melhor.} (10. Be2 Qa5 11. Nh3 Bxh3
12. Rxh3 O-O 13. Nd1 Qc7 14. Nc3) (10. Nh3 $11 {[%eval 0,41]}) ({Antecessor:} 
10. a4 Bd7 11. a5 b6 12. axb6 Qxb6 13. Be2 O-O 14. g4 hxg4 {1/2-1/2 (22) Bayat,
S (2074)-Tashimova,N (2109) New Delhi 2006}) 10... Bd7 $2 {[%eval -86,29]
Erro. b5 era melhor.} (10... b5 11. cxb5 Qa5 12. b6 Rb8 13. b3 Qxb6 14. Kc2 e6
$2 {[%eval -30,20]} (14... O-O $19 {[%eval -181,16]} 15. Rb1 Bd7) 15. dxe6 $1
Bxe6 16. Qxd6 Bxb3+ 17. Kc1) (10... b5 $19 {[%eval -188,28] e as pretas estão bem.} 11. cxb5 axb5 12. Bxb5+ Bd7) 11. Nh3 $6 {[#] Imprecisão. Bf4
era melhor.} (11. Bf4 b5 12. Kb1 O-O 13. Bxe5 dxe5 14. Nh3 Qb6 15. d6 {[%eval
-150,23] [#]} (15. Ng5 $15 {[%eval -49,27]}) 15... e6 $1 16. Ng5 Bh6 {[%eval
-58,26]} ({Pretas deveriam jogar} 16... b4 $17 {[%eval -160,23]} 17. Ne2 Rad8) 17.
g4 $1 b4 {[%eval 0,40]} (17... Rad8 $15 {[%eval -49,23]} 18. Qh2 b4)) 11... b5
$1 {[%mdl 512]} 12. cxb5 $2 {[%eval -374,27] Erro. Bf4 era melhor.} (12. Bf4 {
[%eval -172,29] 12.Re1 -1.25}) (12. Re1 $17 {[%eval -121,30] pode funcionar melhor.
}) 12... axb5 $19 13. b3 $6 {Imprecisão. Nxb5 era melhor.} (13. Nxb5) 13... b4
14. Na4 O-O 15. Qc2 Qa5 16. f4 Neg4 17. Bg1 Bxa4 18. bxa4 {e a ideia Bb5
deixa as brancas com esperança.} Qxa4 19. Qxa4 Rxa4 20. Ng5 Rxa2 {visando ...Rfa8.}
21. Bc4 Ra3 {Brancas deveriam prevenir ...Rc3+.} 22. Rh3 Rfa8 {E agora ...Ra1+
venceria.} 23. Rxa3 Rxa3 24. Kb1 Ne3 25. Bxe3 Rxe3 26. e5 Ne4 {Esperando por ...
Nc3+.} 27. Nxe4 Rxe4 {[%mdl 64] Ataque duplo} 28. exd6 exd6 {[%mdl 4096]
 29. Bb5 Rxf4 30. Rf1 Be5 31. Rxf4 Bxf4 {KB-KB} 32. Kc2 Bg3 33.
Kd3 Bxh4 34. Bc4 Kg7 35. Ke4 Bg3 36. Kf3 Be5 37. Ke4 f5+ 38. Kf3 Kf6 39. Ke3 g5
40. Kf3 Bd4 41. Kg3 Ke5 42. Kf3 h4 43. Bb3 g4+ {Mate se aproximando.} 44. Ke2 f4 45.
Kf1 f3 {0-1 Pretas wins. PRECISÃO: Brancas 28%, Pretas 69%.} 0-1

[Event "TORNEIO INDEPENDENCIA DO BRASIL CLUBE M"]
[Site "Av.  Rio Branco  251 -  4º a"]
[Date "2023.09.15"]
[Round "2.3"]
[White "Wallace Fernandes Machado"]
[Black "João Eudes De Oliveira"]
[Result "0-1"]
[WhiteElo "1994"]
[BlackElo "2091"]
[Annotator "Stockfish 16"]
[PlyCount "88"]
[EventDate "2023.??.??"]

{[%evp 19,88,30,31,0,0,-39,5,5,49,-9,27,-30,200,0,43,-28,0,-50,-3,-51,-2,-6,-1,
-2,-5,-10,0,0,0,0,3,-23,16,16,18,17,94,6,7,-8,-12,-91,-77,-82,-57,-86,-88,-272,
-289,-280,-271,-280,-262,-468,-289,-281,-240,-321,-276,-316,-243,-382,-382,
-382,-384,-451,-346,-421,-335,-465,-314]} 1. c4 e6 2. Nc3 Nf6 3. Nf3 d5 4. e3
c6 5. Be2 Bd6 6. O-O O-O 7. d4 dxc4 $6 {Imprecisão. b6 era melhor.} (7... b6 8.
Qc2 Nbd7 9. b3 Bb7 10. Bb2 Qe7 11. a4 a5 12. Bd3) 8. Bxc4 $6 {Imprecisão. e4
era melhor.} (8. e4 Be7 9. e5 Nd5 10. Bxc4 Nxc3 11. bxc3 c5 12. Re1 cxd4) 8... b5
9. Bd3 Bb7 $6 {Imprecisão. Nbd7 era melhor.} (9... Nbd7 10. Qc2) 10. a3 $6 {
Imprecisão. e4 era melhor.} (10. e4 Be7) 10... Nbd7 11. e4 {Pretas must now
prevent e5. D47: Semi-Slav: Meran System.} e5 12. Re1 Rc8 $146 (12... exd4 $15
13. Nxd4 Qc7) ({Antecessor:} 12... a6 13. Bg5 Re8 14. Rc1 h6 15. Bh4 exd4 16.
Nxd4 Bf4 17. Ra1 Ne5 18. Be2 c5 19. Bxf6 Qxf6 {0-1 (33) Keserovic,S (1800)
-Nagy,A (1712) Haid/Ansfelden 2018}) 13. Bg5 $11 {Com igualdade.} Re8
$6 {Imprecisão. h6 era melhor.} (13... h6 $1 14. Bh4 Re8 15. Bg3 Qc7 16. Rc1 Qb8
17. Bf1 Rcd8 18. b4 a6 19. Nxe5 Nxe5 20. dxe5) (13... h6 $11 14. Bh4 a5) 14.
Bc2 $6 {Imprecisão. Nxe5 era melhor.} (14. Nxe5) (14. dxe5 $14 Nxe5 15. Nxe5 Bxe5
16. f4 Qb6+ 17. Kh1 Bxc3 18. bxc3) 14... a6 15. Qd3 $6 {Imprecisão. Nxe5 was
best.} (15. Nxe5 Nxe5) ({Brancas should play} 15. dxe5 Nxe5 16. Nxe5 Bxe5 17. f4
Qxd1 18. Raxd1) 15... exd4 $4 {Erro grave. h6 era melhor.} (15... h6 16. Bh4 c5 $1
17. dxc5 Bxc5 18. Qd2 Bf8 19. h3 Qb6 20. Rad1 b4 21. axb4 $1 Bxb4 22. Qe2) (
15... h6 $11 {and Pretas stays safe.} 16. Bh4 c5) 16. Qxd4 $4 {Erro grave. e5 was
best.} (16. e5 $1 Nxe5 17. Nxe5 Rxe5 18. Rxe5 Bxe5 19. Ne4 $1 {[%cal Re4f6]}
Kf8 $2 (19... g6) 20. Re1 c5 21. Nxf6 gxf6 22. Bh6+ $1 Ke7) (16. e5 $1 $18 Rxe5
17. Nxe5 Nxe5 18. Rxe5 $1 {[%mdl 512]} Bxe5 19. Ne4) 16... Ne5 $6 {Imprecisão.
Bb8 era melhor.} (16... Bb8 17. e5 Nxe5 $1 18. Qh4 h6 19. Bxh6 $1 Nxf3+ 20. gxf3
gxh6 21. Qxh6 Qd6 22. Qg5+ Kf8 23. Qh6+) (16... Bb8 $11) 17. Nxe5 $6 {
Imprecisão. Rad1 era melhor.} (17. Rad1) (17. Rad1 $14 Nxf3+ 18. gxf3) 17... Bxe5
18. Qc5 ({Brancas deveriam jogar} 18. Qxd8 $1 $11 Rexd8 19. f3) 18... Qd4 (18... Qc7
$15) 19. Be3 (19. Qxd4 $11 Bxd4 20. Be3 Bxc3 21. bxc3) 19... Qxc5 (19... Qd8 $1
$15) 20. Bxc5 Nd7 21. Be3 c5 22. f3 c4 23. Rad1 Nc5 24. g3 f6 25. Bf2 Ne6 26.
f4 Bb8 27. Nd5 Kf7 $6 {[#] Imprecisão. Nc5 era melhor.} (27... Nc5 28. Nb6) (
27... Nc5 $11) 28. Nb6 $6 {Imprecisão. b3 era melhor.} (28. b3 $1 g5 29. f5 Bxd5
30. Rxd5 Nf8 31. bxc4 bxc4 32. Rb1 Be5 33. Rb7+ Re7 34. Rb6 Rec7) (28. b3 $1
$16) 28... Rcd8 29. Nd7 Bc7 30. e5 $6 {Imprecisão. Kf1 era melhor.} (30. Kf1) (
30. Kf1 $11 {permanece igual.}) 30... Bc6 $17 31. Nc5 Nxc5 (31... Rxd1 {é mais complexo.} 32. Rxd1 Nxc5 33. Bxc5 fxe5 34. Be4 Re6) 32. Bxc5 Rxd1 33. Bxd1 $2 {
Erro. Rxd1 era melhor.} (33. Rxd1 fxe5) (33. Rxd1 $17 {only move.} fxe5 34.
Be4) 33... fxe5 $19 34. fxe5 Bxe5 {Esperando por ...Bd4+!} ({Menos forte seria} 34...
Rxe5 35. Rf1+ Kg6 36. Bd4 $15) 35. Rf1+ Kg8 36. Bg4 $2 {Erro. b3 era melhor.}
(36. b3 Bd5 37. bxc4 Bxc4 38. Rf2 Rc8 39. Bb6 Rc6 40. Ba7 Bf6 41. Bf3 Rc7 42.
Bb6 Rd7) (36. b3 {é a melhor defesa.}) 36... g6 $2 {Erro. Bxb2 era melhor.}
(36... Bxb2 37. Be6+ Kh8 38. Bf7 Rd8 39. Re1 c3 40. Be7 Rd3 41. Bb3 Bd5 42. Bd1
h6 43. Bb4) 37. Rf2 Kg7 38. Kf1 Be4 39. Kg1 $6 {Imprecisão. Rd2 era melhor.} (39.
Rd2 Bd3+ 40. Kg2 Rd8 41. Kf2 Kf6 42. Bf3 Bd4+ 43. Bxd4+ Rxd4 44. Ke3 Ke5 45.
Bc6 Rd6) 39... Bc6 40. Re2 $6 {Imprecisão. Rd2 era melhor.} (40. Rd2 h5) (40. Rd2
$142) 40... Bf6 41. Rd2 Rd8 42. Rf2 $6 {Imprecisão. Rxd8 era melhor.} (42. Rxd8
Bxd8) 42... Re8 $6 {Imprecisão. h5 era melhor.} (42... h5 43. Be2 Rd2 44. Bb4 Rc2
45. Bf8+ Kxf8 46. Rxf6+ Ke7 47. Rxc6 Rxe2 48. Kf1 Rxb2 49. Rxa6) 43. Rd2 Rd8 $2
{Erro. h5 era melhor.} (43... h5 44. Be2 Bg5 45. Rd6 Rxe2 46. Rxc6 Kf7 47. h4
Bc1 48. Rxa6 Rxb2 49. Bd4 Rd2 50. Be3) 44. Rf2 $4 {Erro grave. Rxd8 era melhor.} (
44. Rxd8 Bxd8) 44... Bd4 $6 {Imprecisão. h5 era melhor. Tempo esgotado das
brancas. PRECISÃO: Brancas = 26%, Pretas = 45%.} (44... h5 45. Be2 Rd2 46. a4 Bxb2
47. axb5 axb5 48. Bf8+ Kh7 49. Bb4 Rc2 50. Bc5 Be5 51. Bf1) 0-1

[Event "TORNEIO INDEPENDENCIA DO BRASIL CLUBE M"]
[Site "Av.  Rio Branco  251 -  4º a"]
[Date "2023.09.15"]
[Round "2.5"]
[White "Napoleao Gutierrez Rolim"]
[Black "Gabriel Silva Mercês"]
[Result "0-1"]
[WhiteElo "1926"]
[BlackElo "1800"]
[Annotator "Stockfish 16"]
[PlyCount "110"]
[EventDate "2023.??.??"]

{[%evp 9,110,-92,-87,-82,-71,-69,-77,-72,-43,-66,196,-78,-73,-97,-96,-106,-111,
-107,-103,-128,-130,-132,-140,-145,-146,-174,-174,-247,-247,-241,-229,-234,
-189,-280,-267,-437,-119,-150,-99,-127,51,45,475,-275,-275,-417,-349,-443,-434,
-492,-446,-530,-417,-510,-364,-364,-356,-480,-465,-590,-584,-797,-563,-554,
-391,-575,-267,-421,-421,-458,-278,-270,-304,-312,-307,-529,-539,-607,0,0,0,0,
0,0,587,0,0,-29993,492,-9605,-9605,-9605,-9605,-9605,-9605,-9605,-9605,-9605,
29942,-3403,0,-766,-738]} 1. f4 d5 2. d4 Bf5 3. e3 e6 4. c3 Nf6 5. Be2 c5 6.
Nf3 {D00: 1 d4 d5: Unusual lines.} Nbd7 $6 {Imprecisão. Bd6 era melhor.} (6...
Bd6 7. Nbd2 Nc6 8. O-O O-O 9. Ne5 h6 10. g4 Bh7 $1 11. Rf2) 7. O-O Be7 8. Ne5 {
Pretas estão melhores.} O-O 9. Nd2 {Ameaçando g4.} Re8 $146 {Erro grave. Ne4 era melhor.
} (9... Ne4) (9... Ne4 $15) ({Antecessor:} 9... cxd4 10. exd4 Nxe5 11. fxe5
Ne4 12. Nxe4 Bxe4 13. Bf3 Bxf3 14. Rxf3 f6 15. Bf4 fxe5 16. Bxe5 {1/2-1/2 (37)
Ulloa Centeno,L (1208)-Rajaram,R (1412) Guayaquil 2019}) 10. Ndf3 $4 {Erro grave.
g4 era melhor.} (10. g4 $1) (10. g4 $1 $18) 10... h6 $17 11. Bd3 Ne4 12. Nxd7
Qxd7 13. Ne5 Qc7 14. Ng4 c4 15. Bxe4 Bxe4 ({Don't take} 15... dxe4 16. Bd2 $15)
16. Nf2 Bg6 17. g4 Bh4 18. Qf3 (18. Bd2 $142) 18... Bxf2+ $19 19. Rxf2 Be4 20.
Qg3 Qe7 21. a4 $6 {Imprecisão. Bd2 era melhor.} (21. Bd2 a5 22. h4 Kh7 23. Kh2 g6
24. Rg1 Rg8 25. g5 (25. Be1 {was worth a try.}) 25... h5 26. Rc1 Ra6 27. Be1
Rga8) (21. Bd2 {pode funcionar melhor.}) 21... Rec8 22. b4 $2 {Erro. a5 was
best.} (22. a5 b6 23. a6 b5 24. Bd2 Rc6 25. Be1 Qd8 26. Qh3 Qc8 27. g5 Kh7 28.
Qh5 Bg6) (22. Bd2 $142) 22... Rc6 $4 {Erro grave. cxb3 era melhor.} (22... cxb3 23.
Bb2 a5 24. h4 b5 25. axb5 a4 26. Ba3 Qb7 27. h5 Kh7 28. g5 Rxc3 29. Kh2) (22...
cxb3 $19 23. Ba3 Qc7) 23. b5 Rc7 ({Pretas should play} 23... Rcc8 24. Ba3 Qd7)
24. Ba3 $17 Qe8 $2 {Erro. Qd7 era melhor.} (24... Qd7) (24... Qd8 $17 25. Bb4
Qd7) 25. f5 $1 $14 exf5 $4 {Erro grave. Rcc8 era melhor.} (25... Rcc8 26. f6 $1 {
[%cal Rf6g7]} g6 $1 27. Bd6 Kh7 28. Be5 Qd8 29. a5 Qe8 (29... Qd7 $14) 30. Rb2
({Era melhor} 30. Bf4 $1 $16 {[%cal Rf4h6]} g5 31. Be5) 30... Qd7 31. a6 b6 32.
Kf2) (25... Rd7 $14) 26. Bd6 $4 {Erro grave. Qxc7 era melhor.} (26. Qxc7 a6 27. b6
Rc8 28. Qxb7 Rc6 29. Qe7 Qxe7 30. Bxe7 Rxb6 31. gxf5 Rb3 32. Bb4 f6) (26. Qxc7
$18 {foi o único lance vencedor.} Qc8 27. Qxc8+ Rxc8 28. gxf5) 26... Rd7 $19 27.
Bc5 $6 {Imprecisão. gxf5 era melhor.} (27. gxf5 f6) (27. gxf5 $142 f6 28. a5)
27... b6 28. Bb4 fxg4 29. Rf4 f5 30. Ra2 h5 31. h4 Re7 $2 {Erro. a6 was
best.} (31... a6 32. Rff2 Qd8 33. bxa6 Rxa6 34. Ra1 Ra8) 32. Bxe7 Qxe7 33. Rff2
$6 {Imprecisão. a5 era melhor.} (33. a5 {[#]} Re8 $1 34. axb6 axb6 35. Ra6 Kh7
36. Rxb6 Qa3 37. Qe1 Re7 38. Kh2 Bd3 39. Qd2 $2 (39. Qf2 g6 40. Rc6) 39... Qa5)
33... Re8 34. Rh2 $2 {Erro. Rf1 era melhor.} (34. Rf1 Bd3) 34... Bf3 35. Qf4
Qe6 $2 {Erro. Qxe3+ era melhor.} (35... Qxe3+ 36. Qxe3 Rxe3 37. Rhf2 Rxc3 38.
Rfc2 Rd3 39. Rd2 Re3 40. Rf2 Be4 41. a5 Rc3 42. axb6) 36. Kf2 Re7 37. Ra1 (37.
a5 {was necessary.} bxa5 38. Rxa5) 37... Kf8 $6 {Imprecisão. Qd7 era melhor.} (
37... Qd7 38. a5 Re4 39. Qg5 bxa5 40. Ra2 Qc8 41. Rg2 Bxg2 42. Kxg2 Qe6 43. Rf2
Rxe3 44. Qxf5) (37... Qd7 $142 38. a5 Qxb5) 38. Re1 (38. a5 $142 Kg8 39. axb6
Qxb6 40. Kg1) 38... Kg8 39. Kg3 Kf8 $2 {Erro. Qd7 era melhor.} (39... Qd7) 40.
Ra2 Kg8 41. Qg5 $6 {Imprecisão. a5 era melhor.} (41. a5 Kh7 42. axb6 axb6 43.
Raa1 Re8 $2 (43... Qf6 $19 44. Qg5 Qxg5 45. hxg5 h4+ 46. Kxh4 Kg6) 44. Ra7 Qf6
45. e4 $1 {[%cal Re4e5]} Bxe4 46. Re2 Qf8 47. Rea2 $2 {[%mdl 8192]} (47. Re3 $1
$11) 47... Bb1) 41... Qe4 42. Qf4 $2 (42. Rd2) 42... Qd3 43. Qg5 $6 {
Imprecisão. Qb8+ era melhor.} (43. Qb8+ Kf7 44. Qf4 Qxc3 45. Qxf5+ Kg8 46. Rf1
Qxe3 47. Qg5 Qd3 48. Qxe7 Be4+ 49. Kf4 Qxf1+) 43... Qxc3 $4 {Erro grave. Rf7 era melho.} (43... Rf7 44. Qf4 Qxc3 45. Rea1 Qd3 46. Rf2 Be4 47. Kh2 c3 48. Raf1 c2
49. Rc1 Qc3 50. a5) (43... Rf7 $19 {...f4+! é a forte ameaça.} 44. Qf4 Qxc3
) 44. Qxe7 $11 Qxe1+ $19 {[%mdl 4096]} 45. Kf4 Kh7 {Com ideia ...Qb1.} 46. Qg5 {[%mdl 64] Ataque duplo} g3 $4 {Erro grave. Qb1 era melhor.}
(46... Qb1 47. Rc2 Qb4 48. Qxh5+ Kg8 49. Qe8+ Kh7) (46... Qb4 $11 {e as Pretas
estão em segurança.} 47. Qxh5+ Kg8 48. Qe8+ Kh7) 47. Qxg3 $4 {Erro grave. Kxf3 era melhor.}
(47. Kxf3 g6 48. Qxg3 (48. Qe7+ $142 Kh6 49. Rg2) 48... Qb1 49. Rg2 Qf1+ 50.
Qf2 Qb1 51. Kg3 Qh1 52. Rg1 Qe4 53. Qf4 Qc2) ({Brancas has to play} 47. Kxf3 $18
Qb1 48. Rg2 Qe4+ 49. Kxg3) 47... Qb1 $11 48. Rh2 $4 {Erro grave. Qxf3 era melhor.} (
48. Qxf3 Qxa2 49. Qxh5+ Kg8 50. Qe8+ Kh7) (48. Qxf3 $11 Qxa2 49. Qxh5+ Kg8 50.
Qe8+ Kh7 51. Qh5+ Kg8 52. Qe8+ Kh7 53. Qh5+) 48... g5+ $4 {Erro grave. Qe4+ era melhor.} (48... Qe4+ 49. Kg5 Qxe3+ 50. Kxf5 Bg4+ 51. Qxg4 hxg4 52. Kxg4 Qxd4+ 53.
Kf3 Qe4+ 54. Kg3 Qe3+ 55. Kg4) (48... Qe4+ {evita o desastre.} 49. Kg5 Bd1
50. Re2 Bxe2 51. Qg1 Qe7+ 52. Kf4 Qd6+ 53. Kg5 Qh6+ 54. Kxf5 Qf6#) 49. Kxg5 $4
{[#] Erro grave. Kxf3 era melhor.} (49. Kxf3 f4 50. exf4 c3 51. fxg5 Qe4+ 52. Kf2
Qc2+ 53. Kf1 Qd1+ 54. Qe1 c2 55. Rxc2 $1 Qxc2) (49. Kxf3 $18 f4 50. exf4 (50.
Qxg5 Qe4+ 51. Kf2 Qc2+ {[%mdl 64] Ataque duplo} 52. Kg1 Qb1+ 53. Kg2 Qe4+ {
[%mdl 64] Ataque duplo} 54. Kg1 Qb1+ 55. Kg2 Qe4+ {[%mdl 64] Ataque duplo}
56. Kg1 Qb1+ $11)) 49... f4 $1 $19 {[%mdl 512] ( -> ...Qg6+)} 50. Qxf3 (50.
exf4 Qg6#) 50... Qg6+ 51. Kxf4 Qd6+ 52. Kg5 Qg6+ 53. Kf4 Qf7+ $4 {Erro grave.
Qd6+ era melhor.} (53... Qd6+ 54. Kg5 Qh6+ 55. Kf5 Qf8+ 56. Ke6 Qxf3 57. Kd6 Qxe3
(57... Qg3+ $142 58. Kxd5 Qxh2 59. Kxc4 Qxh4 60. Kd3 Qg4 61. a5 h4 62. Kc3 h3
63. axb6 axb6 64. Kd2 h2 65. Kc3 h1=Q 66. Kd2 Qb1 67. e4 Qgxe4 68. Kc3 Qed3#)
58. Kxd5 Qb3 59. Rb2 Qxa4 60. Rb1) (53... Qd6+ $19 54. Kg5 Qh6+ 55. Kf5 Qf8+
56. Ke5 Qxf3) 54. Ke5 $4 {Erro grave. Kg3 era melhor.} (54. Kg3) (54. Kg3 $142 Qg6+
55. Kf2 Qc2+ 56. Kg1 Qb1+ 57. Qf1 Qxf1+ 58. Kxf1 Kh8 59. Rg2) 54... Qe8+ $4 {
Erro grave. Qxf3 era melhor.} (54... Qxf3 55. Kd6 Qxe3 56. Kxd5 Qb3 57. Rf2 c3+ 58.
Ke5 Qg8 (58... c2 $142 59. Rf1 Qg3+ 60. Ke4 Qg2+ {[%mdl 64] Ataque duplo} 61.
Kd3 Qxf1+ 62. Kxc2 Qc4+ {[%mdl 64] Ataque duplo} 63. Kd2 Qxd4+ {[%mdl 64]
Ataque duplo} 64. Kc2 Kg6 65. Kb3 Qc5 66. Ka2 Kf5 67. Kb3 Ke4 68. a5 Kd3 69.
a6 Qxb5+ 70. Ka2 Kc2 71. Ka3 Qb3#) 59. Rf3 Qc4 60. Rf2 Qd3 61. Rf7+) (54...
Qxf3 $19 55. Ra2 c3) 55. Kf5 $4 {Erro grave. Kf4 era melhor.} (55. Kf4 Qb8+ 56. Kg5
Qg8+ 57. Kf4) (55. Kf4 $11 Qb8+ 56. Kg5 Qg8+ 57. Kf4 Qb8+ 58. Kg5 Qg8+ 59. Kf4
Qb8+) 55... Qf7+ {PRECISÃO: Brancas = 27%, Pretas = 49%.} 0-1

[Event "TORNEIO INDEPENDENCIA DO BRASIL CLUBE M"]
[Site "Av.  Rio Branco  251 -  4º a"]
[Date "2023.09.15"]
[Round "2.6"]
[White "Luis Gustavo Mendes Oliveira"]
[Black "Wagner Dias Fernandes"]
[Result "1/2-1/2"]
[WhiteElo "1800"]
[BlackElo "1895"]
[Annotator "Stockfish 16"]
[PlyCount "176"]
[EventDate "2023.??.??"]

{[%evp 9,176,99,131,125,195,147,139,141,137,78,131,65,73,33,35,35,68,31,83,37,
97,49,60,53,72,70,88,60,123,110,155,161,153,146,144,131,131,120,128,-72,-75,
-81,-82,-68,-67,-137,-157,-141,0,0,0,-4,48,-1,0,-6,-2,-6,11,1,2,0,16,0,10,9,10,
0,18,18,18,-672,0,0,0,0,0,0,0,0,0,0,0,0,0,0,0,0,0,0,0,0,0,0,0,0,0,0,0,0,0,
-3391,-3371,-3741,0,0,0,0,0,0,0,0,0,0,0,-29968,-29969,-29969,-29966,-29968,
-29968,-29968,-29971,-29971,-29972,-29973,-29974,-29974,-29974,-29978,-29979,
-29979,-29980,-29980,-29981,-29981,-29981,-29981,-29979,-29981,-29980,-29981,
-29981,-29981,-29982,-29982,-29981,-29981,-29980,-29980,-29981,-29981,-29982,
-29976,-29977,-29977,-29978,-29981,-29982,-29982,-29981,-29982,-29983,-29984,
-29985,-29984,-29986,-29986,-29986]} 1. d4 e6 2. c4 c6 3. Nc3 g6 $2 {Erro.
d5 era melhor.} (3... d5 4. e3 Nd7 5. Nf3 Ngf6 6. Qc2 Bd6 7. Bd3 O-O 8. O-O) 4.
Bf4 $6 {Imprecisão. Nf3 era melhor.} (4. Nf3 d5 5. e4 dxe4 6. Nxe4 Nd7 7. g3 Ngf6
8. Nxf6+ Qxf6) 4... Bg7 $2 {Erro. d5 era melhor.} (4... d5 5. Nf3 Nf6 6. e3
Bg7 7. Bd3 O-O 8. O-O Nbd7 9. Rc1) 5. e3 $2 {Erro. Ne4 era melhor.} (5. Ne4
Qa5+ 6. Bd2 Qc7 7. c5 Bf8 8. Bc3 Qf4 9. f3 f5) 5... Nf6 6. Bd6 {A40: Unusual
replies to 1 d4.} b6 $146 {Imprecisão. Bf8 era melhor.} (6... Bf8 7. c5 (7. Bxf8
$142 Kxf8 8. e4)) (6... Bf8 $16) ({Antecessor:} 6... Bf8 7. Bxf8 Kxf8 8. Bd3
d5 9. Nf3 dxc4 10. Bxc4 b5 11. Bd3 Bb7 12. O-O Kg7 {1-0 (24) Arenillas,R (1924)
-Da Silva,D (1865) Manaus 2017}) 7. Nf3 (7. e4 $18) 7... Bf8 $16 8. Bxf8 {
Brancas is clearly better.} Kxf8 {[#]} 9. Be2 (9. e4 $142 $1) 9... Bb7 {[#]} (
9... d5 $142) 10. Qd2 (10. e4 $1 $16) 10... d5 $1 $14 11. cxd5 cxd5 12. O-O
Nbd7 13. Rac1 a6 (13... Kg7 $14) 14. Rc2 ({Brancas deveriam jogar} 14. Na4 $16) 14...
b5 $6 {Imprecisão. Ne4 era melhor.} (14... Ne4) (14... Ne4 $14 15. Qc1 Kg7) 15.
a3 (15. a4 $16) 15... Kg7 16. Rfc1 Rb8 17. Na2 Ne4 18. Qe1 Ndf6 (18... Nd6 $14)
19. Ne5 Nd6 ({Better is} 19... Nd7) 20. Nb4 $16 Rc8 21. Rxc8 Bxc8 22. b3 Qa5
23. Ra1 Bb7 24. Nec6 $4 {Erro grave. a4 era melhor.} (24. a4 Qc7 25. Nbd3 Rc8 26.
axb5 axb5 27. Rc1 Qe7 28. Nc5 Nfe4 29. Bd3 Kg8 30. h3 Kg7 (30... f6 $142)) (24.
a4 $16) 24... Bxc6 $1 $17 25. Nxc6 Qxe1+ 26. Rxe1 Rc8 27. Nb4 (27. Rc1 $15)
27... a5 28. Na6 a4 $2 {Erro. Rc3 era melhor.} (28... Rc3 29. Nc5 Nfe4 30.
Nxe4 Nxe4 31. Rb1 (31. Bxb5 $17 {pode funcionar melhor.} Rxb3 {[%mdl 64] Double
Attack} 32. a4) 31... a4 32. bxa4 bxa4 33. Ra1 Rb3 34. Bf3 Nc3 35. g4) (28...
Rc3 $17 29. Nc5 Nfe4 30. Nxe4 Nxe4 31. Bxb5 Rxb3) 29. bxa4 $11 bxa4 30. Nc5 Ra8
({Pretas should play} 30... Nfe4 $11) 31. Rb1 (31. f3 $1 $14 {is more
appropriate.}) 31... Nfe4 32. Nxe4 Nxe4 {[%mdl 4096]} 33. Bd3
Nc3 $6 {Imprecisão. Rc8 era melhor.} (33... Rc8) 34. Rb2 Rc8 35. g3 h5 36. h4 f5
37. Kg2 Kf6 38. Kf3 g5 39. hxg5+ Kxg5 40. Bb5 $4 {Erro grave. Rc2 era melhor.} (40.
Rc2 Rc7 41. Rc1 Kf6 42. Kg2 Ke7 43. Kh3 Kd6 44. Kh4 Ke7 45. Rc2 Kf6 46. Be2 Ke7
) (40. Rc2 $11) 40... Nxb5 $4 {Erro grave. Rb8 era melhor.} (40... Rb8 41. Rc2 Nxb5
42. Kg2 Ra8 43. Ra2 Nd6 44. f3 Kf6 45. Ra1 Rc8 46. Rb1 Rc3 47. Rb4) (40... Rb8
$19 41. Rc2 Nxb5) 41. Rxb5 $19  Rc3 42. Rb6 Kf6 43. Kf4 Rxa3 44. Rb8 Ra2
{[%cal Ra2f2]} 45. f3 a3 {visando ...Rc2.} 46. Ra8 Ra1 47. Ra6 a2 48. Ra5 h4
49. gxh4 Kg6 50. Ke5 Kh5 51. Kf4 Kxh4 52. Ra8 {[%cal Ra8h8]} Kh3 {Forte ameaça ...Kg2.} 53. Ke5 Kg3 54. Kxe6 Kxf3 55. Ra3 $4 {Erro grave. Kxf5 era melhor.} (55. Kxf5 Rh1 (55... Kxe3 $5 56. Ke5 $8 Ke2 $11) 56. Rxa2 Kxe3 57. Ra4
Rh5+ 58. Ke6 Ke4 59. Kd6 Rh8 60. Ra1 Kxd4 61. Ra4+ Ke3) (55. Kxd5 $11 Kg4 56.
Rg8+ Kh3 57. Ra8) 55... Ke4 56. Kd6 f4 $4 {Erro grave. Re1 era melhor.} (56... Re1
57. Rxa2 Rxe3 58. Rf2 Rd3 59. Kc5 f4 60. Rxf4+ Kxf4 61. Kxd5 Kf5 62. Kd6 Rxd4+
63. Kc5) (56... Re1 $19 57. Rxa2 Rxe3) 57. exf4 $11 Kxd4 58. f5 Kc4 {...d4 é a grande ameaça.} 59. f6 $1 Rf1 60. Rxa2 Rxf6+ 61. Ke5 Rh6 62. Rd2 $4 {
Erro grave. Ra4+ era melhor.} (62. Ra4+ Kc5 63. Ra5+ Kb4 64. Rxd5 Kc3 65. Kf4 Rf6+
66. Ke3 Re6+ 67. Kf3 Re1 68. Kg3 Kc4) (62. Ra4+ $11 Kc5 63. Ra5+ Kc4 64. Ra4+
Kd3 65. Kxd5) 62... Rh5+ 63. Kf4 Rh4+ 64. Kg3 Re4 65. Kf3 Re8
66. Rc2+ Kd3 67. Rc7 d4 68. Rb7 Kc2 69. Rd7 d3 70. Rc7+ Kd1 71. Kf2 d2 72. Rc6
Re2+ 73. Kf1 Rh2 74. Rc7 Re2 75. Rc8 Re6 76. Kf2 Rf6+ 77. Kg2 Ke2 78. Re8+ Kd3
79. Rd8+ Kc2 80. Rc8+ Kd1 81. Rc7 Rb6 82. Kf2 Rb1 83. Rc6 Rc1 84. Rd6 Rc7 85.
Rd8 Kc2 86. Ke2 Re7+ 87. Kf3 d1=Q+ 88. Rxd1 Kxd1 {[%mdl 32768] Tempo esgotado
das pretas. PRECISÃO: Brancas = 70%, Pretas = 75%.}
1/2-1/2